Síla velkých podniků je v jejich politické moci

Veľké podniky a ilúzia úspor, synergií a inovácií. Ťažkopádnosť veľkých korporácií. Prístup veľkých podnikov k politickým a mediálnym kruhom, prostredníctvom ktorých ovplyvňujú exekutívne, legislatívne či regulatórne rozhodnutia. Rastúci vplyv oligopolov. Možnosti riešenia. Decentralizovaný hospodár...

Descrizione completa

Salvato in:
Dettagli Bibliografici
Autore principale: Urban, Jan
Natura: Capitolo di libro
Lingua:ceco
Soggetti:
Tags: Aggiungi Tag
Nessun Tag, puoi essere il primo ad aggiungerne!!

MARC

LEADER 00000naa a2200000 4500
001 0165561
005 20231211093405.4
041 0 |a cze 
044 |a CZ 
245 1 0 |a Síla velkých podniků je v jejich politické moci  |c Jan Urban 
520 |a Veľké podniky a ilúzia úspor, synergií a inovácií. Ťažkopádnosť veľkých korporácií. Prístup veľkých podnikov k politickým a mediálnym kruhom, prostredníctvom ktorých ovplyvňujú exekutívne, legislatívne či regulatórne rozhodnutia. Rastúci vplyv oligopolov. Možnosti riešenia. Decentralizovaný hospodársky systém tvorený sieťami menších, vzájomne prepojených firiem. 
610 2 0 |a podnik veľký 
610 2 0 |a podnik malý 
610 2 0 |a oligopoly 
610 2 0 |a korporácie 
610 2 0 |a trh 
610 2 0 |a politika 
610 2 0 |a moc politická 
100 1 |a Urban, Jan